<?xml version="1.0" encoding="UTF-8"?>
<record
    xmlns:xsi="http://www.w3.org/2001/XMLSchema-instance"
    xsi:schemaLocation="http://www.loc.gov/MARC21/slim http://www.loc.gov/standards/marcxml/schema/MARC21slim.xsd"
    xmlns="http://www.loc.gov/MARC21/slim">

  <leader>00866nam a2200217Ia 4500</leader>
  <controlfield tag="008">040218s2002    ie a                eng d</controlfield>
  <datafield tag="020" ind1=" " ind2=" ">
    <subfield code="a">0907660819</subfield>
  </datafield>
  <datafield tag="049" ind1=" " ind2=" ">
    <subfield code="l">e</subfield>
  </datafield>
  <datafield tag="082" ind1=" " ind2=" ">
    <subfield code="a">779.092</subfield>
    <subfield code="b">B995o</subfield>
  </datafield>
  <datafield tag="100" ind1="1" ind2=" ">
    <subfield code="a">Byrne, Gerard,</subfield>
    <subfield code="d">1969-</subfield>
    <subfield code="9">4758</subfield>
  </datafield>
  <datafield tag="245" ind1="1" ind2="0">
    <subfield code="a">Gerard Byrne :</subfield>
    <subfield code="b">op-ed.</subfield>
  </datafield>
  <datafield tag="260" ind1=" " ind2=" ">
    <subfield code="a">Limerick :</subfield>
    <subfield code="b">Limerick City Art Gallery ;</subfield>
    <subfield code="a">Dublin :</subfield>
    <subfield code="b">Douglas Hyde Gallery,</subfield>
    <subfield code="c">c2002.</subfield>
  </datafield>
  <datafield tag="300" ind1=" " ind2=" ">
    <subfield code="a">44 p. :</subfield>
    <subfield code="b">ill. (col.) ;</subfield>
    <subfield code="c">18 cm.</subfield>
  </datafield>
  <datafield tag="500" ind1=" " ind2=" ">
    <subfield code="a">Catalogue of an exhibition held at the Limerick City Art Gallery, June 27-Sept. 8, 2002 and the Douglas Hyde Gallery, Dublin, Oct. 18-Nov. 30, 2002.</subfield>
  </datafield>
  <datafield tag="600" ind1="1" ind2="0">
    <subfield code="a">Byrne, Gerard,</subfield>
    <subfield code="d">1969-</subfield>
    <subfield code="v">Exhibitions.</subfield>
    <subfield code="9">4759</subfield>
  </datafield>
  <datafield tag="600" ind1="1" ind2="0">
    <subfield code="a">Byrne, Gerard,</subfield>
    <subfield code="d">1969-</subfield>
    <subfield code="v">Exhibiciones</subfield>
    <subfield code="9">4760</subfield>
  </datafield>
  <datafield tag="650" ind1=" " ind2=" ">
    <subfield code="a">Fotograf&#xED;a art&#xED;stica</subfield>
    <subfield code="x">Exhibiciones</subfield>
    <subfield code="9">4346</subfield>
  </datafield>
  <datafield tag="710" ind1="2" ind2=" ">
    <subfield code="a">Limerick City Gallery of Art.</subfield>
    <subfield code="9">4761</subfield>
  </datafield>
  <datafield tag="710" ind1="2" ind2=" ">
    <subfield code="a">Douglas Hyde Gallery.</subfield>
    <subfield code="9">4762</subfield>
  </datafield>
  <datafield tag="740" ind1="0" ind2="1">
    <subfield code="a">Op-ed.</subfield>
  </datafield>
  <datafield tag="999" ind1=" " ind2=" ">
    <subfield code="c">863</subfield>
    <subfield code="d">863</subfield>
  </datafield>
  <datafield tag="952" ind1=" " ind2=" ">
    <subfield code="0">0</subfield>
    <subfield code="1">0</subfield>
    <subfield code="2">ddc</subfield>
    <subfield code="4">0</subfield>
    <subfield code="7">0</subfield>
    <subfield code="a">LV</subfield>
    <subfield code="b">LV</subfield>
    <subfield code="c">Monograf&#xED;as</subfield>
    <subfield code="d">2016-02-22</subfield>
    <subfield code="l">0</subfield>
    <subfield code="o">779.092 B995o</subfield>
    <subfield code="p">000659</subfield>
    <subfield code="r">2016-02-22 00:00:00</subfield>
    <subfield code="w">2016-02-22</subfield>
    <subfield code="y">01</subfield>
  </datafield>
</record>
